00395nam a2200121Ia 4500008004100000020001800041050002200059100002800081245008400109260003200193300001900225650002900244120626s9999 xx 000 0 und d a9789707597136 aLB1051 bS65 2009 aSolé, Isabel eautor  aOrientación educativa e intervención psicopedagógica c/ Isabel, Solé  aMéxico b: Aurochc, 2009 a255 páginas  0aORIENTACIÓN EDUCATIVA